| 000 | 00953nam a22002532 4500 | ||
|---|---|---|---|
| 001 | 0000020062 | ||
| 005 | 20151217155905.0 | ||
| 008 | 110613s xx 000 0 eng d | ||
| 040 |
_aKABU _cKABU |
||
| 110 | 2 |
_aKenya. _@0000150215 |
|
| 245 | 1 | 0 |
_aEmployment act 2007 / _cKenya. |
| 250 | _a1st ed. | ||
| 260 |
_aNairobi : _bGovt. Printer, _c2007. |
||
| 300 | _a436 p. | ||
| 650 | 0 |
_aEmployment _xLaw and legislation _zKenya. _@0000180159 |
|
| 852 | 1 | _9p300 KES | |
| 908 | _a110613 | ||
| 950 | _@1 | ||
| 999 |
_c13768 _d13768 |
||